Nové formy družstiev po vstupe do EÚ - aktuálne trendy a perspektívy

Internacionalizácia družstevníctva, vytváranie klastrov, zabezpečenie vzdelávania, záujem o sociálne otázky a o životné prostredie. Spoločenská zodpovednosť, dodržiavanie etických princípov. Kvalita výrobkov, inovácia výroby, marketingové aktivity, prienik na zahraničné trhy. Spolupráca v komunite -...

ver descrição completa

Na minha lista:
Detalhes bibliográficos
Autor principal: Šúbertová, Elena
Formato: Capítulo de Livro
Idioma:eslovaco
Assuntos:
Tags: Adicionar Tag
Sem tags, seja o primeiro a adicionar uma tag!

MARC

LEADER 00000nla$a2200000$$$4500
001 0082635
005 20240502083219.8
041 0 |a slo 
044 |a CZ 
245 1 0 |a Nové formy družstiev po vstupe do EÚ - aktuálne trendy a perspektívy  |c Elena Šúbertová 
520 |a Internacionalizácia družstevníctva, vytváranie klastrov, zabezpečenie vzdelávania, záujem o sociálne otázky a o životné prostredie. Spoločenská zodpovednosť, dodržiavanie etických princípov. Kvalita výrobkov, inovácia výroby, marketingové aktivity, prienik na zahraničné trhy. Spolupráca v komunite - najväčšie spotrebné družstvo na svete Co-operative Group. 
610 2 0 |a družstevníctvo 
610 2 0 |a družstvá spotrebné 
610 2 0 |a družstvá výrobné 
610 2 0 |a kooperácia 
610 2 0 |a spolupráca podnikov 
610 2 0 |a klaster 
610 2 0 |a zodpovednosť spoločenská 
100 1 |a Šúbertová, Elena